Formula One father and son duos - Statistics

General Stats
  • This quiz has been taken 47 times
    30 since last reset
  • The average score is 6 of 9
Answer Stats
Combined DWC titles Answer % Correct
7 Michael & Mick Schumacher
100%
3 Jos & Max Verstappen
84%
2 Nico & Keke Rosberg
84%
3 Graham & Damon Hill
80%
3 (Uncle & nephew) Ayrton & Bruno Senna
72%
1 Gilles and Jacques Villeneuve
68%
3 Nelson & Nelson Jr. Piquet
64%
- Jan & Kevin Magnussen
24%
- Satoru & Kazuki Nakajima
0%
No matching quizzes found
Score Distribution
Percent of People with Each Score
Percentile by Number Answered
Your Score History
You have not taken this quiz since the last reset